| 000 | 00744nam a22001817a 4500 | ||
|---|---|---|---|
| 005 | 20250403123507.0 | ||
| 010 | _aHIN-129569 | ||
| 020 |
_a9788196294076 _c195.00 |
||
| 035 | _aHN-101915 | ||
| 037 | _bDBAD | ||
| 082 | _a821 | ||
| 100 |
_aअवस्थी, पियूष _980183 |
||
| 245 |
_aवो जो छूट गया/ _cपियूष अवस्थी |
||
| 260 |
_aपंचकूला, हरियाणा _b सतलुज प्रकाशन _c2024 |
||
| 270 |
_aएस. सी. एफ. 267, सेक्टर 16, _bपंचकूला हरियाणा _e134113 _k0172-2566952 |
||
| 300 |
_a104पृ. _c22 सेमी (अजिल्द ) |
||
| 942 |
_2ddc _cHN _h821 _mअवस्थी |
||
| 999 |
_c210711 _d210711 |
||